LEADER 01049nam0-2200313---450- 001 990009724430403321 005 20130507143034.0 035 $a000972443 035 $aFED01000972443 035 $a(Aleph)000972443FED01 035 $a000972443 100 $a20130507d1988----km-y0itay50------ba 101 0 $aita 102 $aIT 105 $a----c---001yy 200 1 $a<> archivio postunitario del Comune di Prato (1860-1944) : / a cura di Carlo Fantappie Pubblicazione Prato : , 1988 Descrizione fisica ; 24 cm.$finventario a cura di Carlo Fantappič 210 $aPrato$cSocieta pratese di storia patria$d1988 215 $aLIX, 599 p.$d24 cm 225 1 $aInventari$v3 610 0 $aArchivi comunali$aprato$aInventari 676 $a016.35204551$v21$zita 700 1$aFantappič,$bCarlo$0384908 801 0$aIT$bUNINA$gRICA$2UNIMARC 901 $aBK 912 $a990009724430403321 952 $a016.35 PRA 1$b7004$fFLFBC 959 $aFLFBC 996 $aArchivio postunitario del Comune di Prato (1860-1944)$9841798 997 $aUNINA LEADER 01877oam 2200493M 450 001 9910716415703321 005 20200213070554.6 035 $a(CKB)5470000002521992 035 $a(OCoLC)1065898786 035 $a(OCoLC)995470000002521992 035 $a(EXLCZ)995470000002521992 100 $a20071213d1926 ua 0 101 0 $aeng 135 $aurcn||||||||| 181 $ctxt$2rdacontent 182 $cc$2rdamedia 183 $acr$2rdacarrier 200 10$aTransient second-class mail matter. December 8, 1926. -- Committed to the Committee of the Whole House on the State of the Union and ordered to be printed 210 1$a[Washington, D.C.] :$c[U.S. Government Printing Office],$d1926. 215 $a1 online resource (1 page) 225 1 $aHouse report / 69th Congress, 2nd session. House ;$vno. 1613 225 1 $a[United States congressional serial set] ;$v[serial no. 8688] 300 $aBatch processed record: Metadata reviewed, not verified. Some fields updated by batch processes. 300 $aFDLP item number not assigned. 606 $aPostal service$xLaw and legislation 606 $aPostal rates 606 $aRevenue 606 $aPostal service 606 $aPostal service$xSecond-class matter 608 $aLegislative materials.$2lcgft 615 0$aPostal service$xLaw and legislation. 615 0$aPostal rates. 615 0$aRevenue. 615 0$aPostal service. 615 0$aPostal service$xSecond-class matter. 701 $aKelly$b Clyde$f1883-1935$pProgressive (PA)$01401903 801 0$bWYU 801 1$bWYU 801 2$bOCLCO 801 2$bOCLCQ 906 $aBOOK 912 $a9910716415703321 996 $aTransient second-class mail matter. December 8, 1926. -- Committed to the Committee of the Whole House on the State of the Union and ordered to be printed$93471275 997 $aUNINA